书目信息 |
| 题名: |
中外政治哲学研究
|
|
| 作者: | 王岩 主编 | |
| 分册: | ||
| 出版信息: | 北京 世界知识出版社 2004.02 |
|
| 页数: | 289页 | |
| 开本: | 19cm | |
| 丛书名: | ||
| 单 册: | ||
| 中图分类: | D60 | |
| 科图分类: | ||
| 主题词: | 政治哲学--zheng zhi zhe xue--对比研究--中国--外国--文集 | |
| 电子资源: | ||
| ISBN: | 7-5012-2226-6 | |
| 000 | 00840nam0 2200229 450 | |
| 001 | 0140429172 | |
| 005 | 20060119115610.01 | |
| 010 | @a7-5012-2226-6@dCNY20.00 | |
| 100 | @a20060119d2004 km y0chiy0120 ea | |
| 101 | 0 | @achi |
| 102 | @aCN@b110000 | |
| 105 | @ay a 000yy | |
| 200 | 1 | @a中外政治哲学研究@AZhong Wai Zheng Zhi Zhe Xue Yan Jiu@f王岩主编@Fwang yan zhu bian |
| 210 | @a北京@c世界知识出版社@d2004.02 | |
| 215 | @a289页@d19cm | |
| 320 | @a有书目。 | |
| 330 | @a本书收集了2002年10月在中国矿业大学举行的“全国政治哲学第二届学术研讨会”的部分论文,全书分为:政治哲学基础理论研究、政治哲学范畴研究、政治哲学史研究、政治哲学与政治学等几部分。 | |
| 606 | 0 | @a政治哲学@Azheng zhi zhe xue@x对比研究@y中国@y外国@x文集 |
| 690 | @aD60@v4 | |
| 701 | 0 | @a王岩@Awang yan@4主编 |
| 801 | 0 | @aCN@bQSSK@c20060119 |
| 905 | @a10447@dD60@eW445 | |
| 中外政治哲学研究/王岩主编.-北京:世界知识出版社,2004.02 |
| 289页;19cm |
| ISBN 7-5012-2226-6:CNY20.00 |
| 本书收集了2002年10月在中国矿业大学举行的“全国政治哲学第二届学术研讨会”的部分论文,全书分为:政治哲学基础理论研究、政治哲学范畴研究、政治哲学史研究、政治哲学与政治学等几部分。 |
| ● |
| 相关链接 |
|
|
|
正题名:中外政治哲学研究
索取号:D60/W445
 
预约/预借
| 序号 | 登录号 | 条形码 | 馆藏地/架位号 | 状态 | 备注 |
| 1 | 579799 | 205797994 | 社科库509/504自科库 42排5列2层/ [索取号:D60/W445] | 在馆 | |
| 2 | 579800 | 205798001 | 社科库509/509社科库 71排7列5层/ [索取号:D60/W445] | 在馆 | |
| 3 | 579801 | 205798010 | 社科库509/509社科库 71排7列5层/ [索取号:D60/W445] | 在馆 |